000 00351 a2200169 4500
001 188142
020 _a978-85-357-0660-4
040 _cMagnum
100 _aKupstas, Marcia
240 1 0 _aTrês aventuras
_lpor
245 1 0 _aTrês aventuras
300 _a128
362 0 _a2009
440 1 _aAtual
697 _aLITERATURA JUVENIL
942 _cBK
999 _c188142
_d188142